Municipios de Santander - Map Quiz - Estadísticas

Estadísticas generales
  • Esta prueba ha sido intentada 2.777 veces
  • La puntuación promedio es 52 de 87
Respuestas en el mapa
Las respuestas están codificadas por una escala verde-roja en el mapa de la prueba según el % correcto abajo.
 
Estadísticas de respuestas
Respuesta % Correcto
BUCARAMANGA
95%
BARRANCABERMEJA
90%
FLORIDABLANCA
89%
GIRON
89%
SAN GIL
89%
VELEZ
87%
SOCORRO
85%
PIEDECUESTA
84%
BARICHARA
83%
BARBOSA
80%
LEBRIJA
78%
CIMITARRA
77%
PUERTO WILCHES
77%
ZAPATOCA
77%
MALAGA
76%
OIBA
75%
PUENTE NACIONAL
72%
RIONEGRO
71%
ARATOCA
69%
CHARALA
69%
LOS SANTOS
69%
SAN VICENTE DE CHUCURI
68%
CURITI
67%
EL PLAYON
67%
SABANA DE TORRES
65%
VETAS
65%
CAPITANEJO
64%
LANDAZURI
64%
SAN ANDRES
64%
MOGOTES
63%
EL CARMEN DE CHUCURI
62%
MATANZA
62%
CALIFORNIA
61%
BETULIA
60%
GALAN
60%
VILLANUEVA
60%
FLORIAN
59%
PUERTO PARRA
59%
TONA
59%
BOLIVAR
58%
GUADALUPE
58%
JORDAN
58%
GUACA
57%
SIMACOTA
57%
CONCEPCION
56%
CONTRATACION
56%
GÜEPSA
56%
PARAMO
56%
CEPITA
55%
PINCHOTE
53%
SUAITA
53%
LA BELLEZA
52%
PALMAS DEL SOCORRO
52%
CERRITO
51%
CHARTA
51%
ENCINO
51%
ENCISO
51%
JESUS MARIA
51%
SURATA
51%
LA PAZ
50%
MOLAGAVITA
50%
VALLE DE SAN JOSE
50%
ALBANIA
49%
COROMORO
49%
EL GUACAMAYO
49%
MACARAVITA
49%
GAMBITA
48%
CHIMA
47%
CONFINES
47%
HATO
47%
OCAMONTE
47%
ONZAGA
47%
PALMAR
47%
SANTA HELENA DEL OPON
47%
SUCRE
47%
CABRERA
46%
GUAPOTA
46%
SANTA BARBARA
46%
EL PEÑON
45%
SAN JOAQUIN
45%
AGUADA
44%
SAN JOSE DE MIRANDA
44%
CHIPATA
43%
GUAVATA
43%
CARCASI
41%
SAN BENITO
41%
SAN MIGUEL
40%
No se encontraron pruebas coincidentes
Distribución de puntuación
Porcentaje de gente con cada puntuación
Porcentaje por número respondido
Historial de tus puntuaciones
No has intentado esta prueba.